Anuario económico local 2008
Descripción Física:
397 : il. ; 24 cm
MARC
| LEADER | 00000nam a2200000Ia 4500 | ||
|---|---|---|---|
| 001 | |||
| 008 | 160829s9999 xx 000 0 cat d | ||
| 080 | |a Revistes | ||
| 100 | |a Fernández Ibáñez, Jaume |9 49406 | ||
| 245 | |a Anuario económico local 2008 | ||
| 260 | |a Barcelona : |b Fundación Democracia y Gobierno Local : |b Diputació de Barcelona, DL 2009 | ||
| 300 | |a 397 : |b il. ; |c 24 cm | ||
| 650 | |a Finances locals |x Revistes |9 49407 | ||
| 650 | 0 | |a Finances locals |z Barcelona (Província) |v Revistes |9 49408 | |
| 710 | 2 | |a Fundació Democràcia i Govern Local |9 52936 | |
| 710 | 1 | |a Barcelona (Catalunya : Província). |b Diputació |9 52408 | |
| 901 | |a Arxiu | ||
| 942 | |n 1 | ||
| 952 | |0 0 |1 0 |4 0 |6 REVISTES |7 1 |9 55306 |a Arxiu |b Arxiu |d 2016-12-01 |l 0 |o Revistes |r 2016-12-01 00:00:00 |w 2016-12-01 |y ARXIU | ||
| 952 | |0 0 |1 0 |4 0 |6 PDL |7 1 |9 63755 |a Arxiu |b Arxiu |d 2022-09-05 |l 0 |o PDL |p 26675 |r 2022-09-05 00:00:00 |w 2022-09-05 |y ARXIU | ||
| 999 | |c 59179 |d 59179 | ||